RESISTENCIA DE MATERIALES : (Registro nro. 9453)
[ vista simple ]
| 000 -LEADER | |
|---|---|
| fixed length control field | 00522nam a2200181 a 4500 |
| 001 - CONTROL NUMBER | |
| control field | 9453 |
| 005 - DATE AND TIME OF LATEST TRANSACTION | |
| control field | 20180713193441.0 |
| 008 - FIXED-LENGTH DATA ELEMENTS--GENERAL INFORMATION | |
| fixed length control field | 140415s1984 mx 000 0 spa d |
| 041 ## - LANGUAGE CODE | |
| Language code of text/sound track or separate title | spa |
| 082 ## - DEWEY DECIMAL CLASSIFICATION NUMBER | |
| Classification number | 620.1121 |
| Item number | HEA |
| 100 1# - MAIN ENTRY--PERSONAL NAME | |
| Personal name | HEARN, E.J. |
| 245 10 - TITLE STATEMENT | |
| Title | RESISTENCIA DE MATERIALES : |
| Remainder of title | DISEÑO DE ESTRUCTURAS Y MAQUINAS |
| 250 ## - EDITION STATEMENT | |
| Edition statement | 1a ed. |
| 260 ## - PUBLICATION, DISTRIBUTION, ETC. | |
| Place of publication, distribution, etc. | MEXICO : |
| Name of publisher, distributor, etc. | NEI, |
| Date of publication, distribution, etc. | 1984 |
| 300 ## - PHYSICAL DESCRIPTION | |
| Extent | 644 |
| 650 14 - SUBJECT ADDED ENTRY--TOPICAL TERM | |
| Topical term or geographic name entry element | DISEO DE ESTRUCTURAS |
| General subdivision | RESISTENCIA DE MATERIALES |
| 700 1# - ADDED ENTRY--PERSONAL NAME | |
| Personal name | RUBIO SUAREZ, JOSE MANUEL |
| Relator term | tr. |
| Withdrawn status | Lost status | Source of classification or shelving scheme | Damaged status | Not for loan | Collection code | Home library | Current library | Shelving location | Date acquired | Source of acquisition | Inventory number | Total Checkouts | Full call number | Barcode | Date last seen | Date last checked out | Price effective from | Koha item type |
|---|---|---|---|---|---|---|---|---|---|---|---|---|---|---|---|---|---|---|
| Dewey Decimal Classification | General | Biblioteca Karol Wojtyla | Biblioteca Karol Wojtyla | Sala general | 03/12/2013 | Compra | 151000000000000000003144 | 1 | 620.1121 HEA | 23731 | 05/01/2026 | 30/09/2024 | 03/12/2013 | Libro |